Friars on the frontier (Record no. 143705)
[ view plain ]
| 000 -LEADER | |
|---|---|
| fixed length control field | 01474nam a2200361Ia 4500 |
| 082 04 - DEWEY DECIMAL CLASSIFICATION NUMBER | |
| Classification number | 271/.20438 |
| 100 1# - MAIN ENTRY--AUTHOR NAME | |
| Personal name | Stolarski, Piotr. |
| 245 10 - TITLE STATEMENT | |
| Title | Friars on the frontier |
| 260 ## - PUBLICATION, DISTRIBUTION, ETC. (IMPRINT) | |
| Place of publication | Farnham, Surrey, England ; |
| -- | Burlington, VT : |
| Name of publisher | Ashgate Pub., |
| Year of publication | c2010. |
| 300 ## - PHYSICAL DESCRIPTION | |
| Number of Pages | xvi, 265 p. : |
| Other physical details | ill. |
| 490 1# - SERIES STATEMENT | |
| Series statement | Catholic Christendom, 1300-1700 |
| 650 #0 - SUBJECT ADDED ENTRY--TOPICAL TERM | |
| Topical Term | Church renewal |
| Topical Term | Church renewal |
| 856 40 - ELECTRONIC LOCATION AND ACCESS | |
| Uniform Resource Identifier | http://site.ebrary.com/lib/rucke/Doc?id=10428189 |
No items available.
